Bemerkungen auf einer Reise um die Welt inden Jahren 1803 bis 1807 (Record no. 3583)

MARC details
000 -CABECERA
campo de control de longitud fija 00645nam a2200217 a 4500
001 - NÚMERO DE CONTROL
campo de control BRCA_3855
005 - FECHA Y HORA DE LA ÚLTIMA TRANSACCIÓN
campo de control 20190320204441.0
008 - DATOS DE LONGITUD FIJA--INFORMACIÓN GENERAL
campo de control de longitud fija 171209s1812----gw-a######---#000-0#ger-#
041 ## - CÓDIGO DE LENGUA
Código de lengua del texto/banda sonora o título independiente ger
044 ## - CÓDIGO DEL PAÍS DE LA ENTIDAD EDITORA/PRODUCTORA
Código MARC del país gw
050 #4 - SIGNATURA TOPOGRÁFICA DE LA BIBLIOTECA DEL CONGRESO
Número de clasificación G440
Número de documento/Ítem .L36 1812
100 1# - ENTRADA PRINCIPAL--NOMBRE DE PERSONA
Nombre de persona Langsdorff, Georg Heinrich von
Fechas asociadas al nombre 1774-1852.
9 (RLIN) 10040
245 10 - MENCIÓN DE TÍTULO
Título Bemerkungen auf einer Reise um die Welt inden Jahren 1803 bis 1807
Mención de responsabilidad, etc. G. H. Langsdorff.
260 ## - PUBLICACIÓN, DISTRIBUCIÓN, ETC.
Lugar de publicación, distribución, etc. Frankfurt
Nombre del editor, distribuidor, etc. Friedrich Wilmans
Fecha de publicación, distribución, etc. 1812
300 ## - DESCRIPCIÓN FÍSICA
Extensión 3 v.
Otras características físicas il., láminas
Dimensiones 27 cm.
500 ## - NOTA GENERAL
Nota general C14.
650 14 - PUNTO DE ACCESO ADICIONAL DE MATERIA--TÉRMINO DE MATERIA
Término de materia o nombre geográfico como elemento de entrada Viajeros alemanes
9 (RLIN) 7026
650 14 - PUNTO DE ACCESO ADICIONAL DE MATERIA--TÉRMINO DE MATERIA
Término de materia o nombre geográfico como elemento de entrada Viajes alrededor del mundo
9 (RLIN) 10041
902 ## - CATALOGADOR
Iniciales GFM
942 ## - ELEMENTOS DE PUNTO DE ACCESO ADICIONAL (KOHA)
Fuente del sistema de clasificación o colocación Library of Congress Classification
Tipo de ítem Koha Libros
Holdings
Estado de retiro Estado de pérdida Estado dañado No para préstamo Localización permanente Ubicación/localización actual Fecha de adquisición Número de inventario Total de préstamos Signatura topográfica completa Código de barras Fecha visto por última vez Precio válido a partir de Tipo de ítem Koha
El ejemplar forma parte de la colección y puede ser consultado según las políticas vigentes.       Biblioteca del Museo Franz Mayer (Rogerio Casas-Alatriste) Biblioteca del Museo Franz Mayer (Rogerio Casas-Alatriste) 17/12/2009 C14.   G440 .L36 1812 (C14.) 3852 22/03/2019 22/03/2019 Libros